| 000 | 00356pab a2200145 454500 | ||
|---|---|---|---|
| 008 | 180718b1984 xxu||||| |||| 00| 0 eng d | ||
| 100 | _aJoshi, P.N. | ||
| 245 | _aBanking scene during 1984 | ||
| 260 | _c1984 | ||
| 300 | _a194-203 | ||
| 362 | _aOct.-Dec. | ||
| 650 | _aBanks - India | ||
| 773 | _aJournal of the Indian Institure of bankers | ||
| 909 | _a4319 | ||
| 999 |
_c4319 _d4319 |
||